Coats of arms - Savoy lands - Statistics

General Stats
  • This quiz has been taken 82 times
  • The average score is 6 of 16
Answer Stats
Picture Answer % Correct
Sardinia
86%
Savoy (modern)
86%
Jerusalem [Titular]
68%
Piedmont
63%
Genoa
40%
Saxony (Westphalia, Angria, Saxony) [Descent]
37%
Nice
35%
Cyprus (with Lusignan) [Titular]
34%
Saluzzo
28%
Montferrat
26%
Savoy (ancient)
25%
Geneva
17%
Aosta
15%
Armenian Cilicia [Titular]
14%
Cyprus (without Lusignan) [Titular]
11%
Chablais
8%
No matching quizzes found
Score Distribution
Percent of People with Each Score
Percentile by Number Answered
Your Score History
You have not taken this quiz